000 00875nam a22002417a 4500
003 UA-OsUOA
001 36428
007 ta
008 20060921b un ||||| |||| 00| 0 ukr d
090 _a050
_bГ87
942 _cMG
040 _aUA-OsUOA
_bukr
_cUA-OsUOA
_dUA-OsUOA
245 _aГромада
300 _a36 с.
955 _a1
041 _aukr
080 _a050
260 _aБудапешт
_bТовариство української культури в Угорщині
246 3 1 _aЧасопис Товариства Української Культури в Угорщині
310 _a№6(80). - Листопад - грудень 2005
650 7 _a050 Серійні публікації. Періодика галузі, Організація та інші типи поєднання (співробітництва)
_2UDC
999 _c434958
_d434958